A Step-by-Step Approach to Using the SAS System for Univeriate and Multivariate Statistics / (Record no. 616952)
[ view plain ]
| 000 -LEADER | |
|---|---|
| fixed length control field | 00401nam a22001337a 4500 |
| 020 ## - INTERNATIONAL STANDARD BOOK NUMBER | |
| Qualifying information | PB. |
| 040 ## - CATALOGING SOURCE | |
| Transcribing agency | FIZZA ISHAQ |
| 082 ## - DEWEY DECIMAL CLASSIFICATION NUMBER | |
| Classification number | 519.502 |
| Author Mark | HAT |
| 100 ## - MAIN ENTRY--PERSONAL NAME | |
| Personal name | Hatcher ,Larry. |
| 9 (RLIN) | 134027 |
| 245 ## - TITLE STATEMENT | |
| Title | A Step-by-Step Approach to Using the SAS System for Univeriate and Multivariate Statistics / |
| Statement of responsibility, etc. | Larry Hatcher. |
| 260 ## - PUBLICATION, DISTRIBUTION, ETC. | |
| Place of publication, distribution, etc. | USA: |
| Name of publisher, distributor, etc. | SAS Instiute, |
| Date of publication, distribution, etc. | 1994. |
| 300 ## - PHYSICAL DESCRIPTION | |
| Extent | 552 p. ; |
| Dimensions | 24 cm |
| 942 ## - ADDED ENTRY ELEMENTS (KOHA) | |
| Source of classification or shelving scheme | |
| Koha item type | Book |
| Withdrawn status | Lost status | Source of classification or shelving scheme | Damaged status | Not for loan | Permanent Location | Current Location | Shelving location | Date acquired | Total Checkouts | Full call number | Barcode | Date last seen | Price effective from | Koha item type |
|---|---|---|---|---|---|---|---|---|---|---|---|---|---|---|
| NUST Baluchistan Campus (NBC) | NUST Baluchistan Campus (NBC) | General Stacks | 04/09/2026 | 519.502 HAT | QD-124 | 04/09/2026 | 04/09/2026 | Book |
